Stolice 20 największych państw Azji. - Statystyki

Ogólne statystyki
  • Ten quiz został rozwiązany 1 129 razy
  • Średni wynik to 13 z 20
Statystyki odpowiedzi
LP. Kraj Stolica % Poprawnych
1 Rosja Moskwa
99%
2 Chiny Pekin
96%
3 Indie Nowe Delhi
86%
18 Japonia Tokio
85%
10 Turcja Ankara
83%
7 Iran Teheran
73%
8 Mongolia Ułan Bator
73%
6 Indonezja Dżakarta
69%
4 Kazachstan Astana
68%
14 Tajlandia Bangkok
68%
5 Arabia Saudyjska Rijad
68%
17 Irak Bagdad
62%
19 Wietnam Hanoi
62%
9 Pakistan Islamabad
62%
12 Afganistan Kabul
62%
13 Jemen Sana
52%
16 Uzbekistan Taszkent
41%
15 Turkmenistan Aszchabad
40%
11 Mjanma (Birma) Naypyidaw
37%
20 Malezja Kuala Lampur
17%
Nie znaleziono quizów pasujących do podanych kryteriów
Rozkład punktacji
Procent ludzi z każdym wynikiem
Percentyl według liczby udzielonych odpowiedzi
Twoja historia wyników
Nie rozwiązałeś tego quizu